The ersatz elevator / (Record no. 500)

MARC details
000 -LEADER
fixed length control field 01097cam a2200301 a 4500
005 - DATE AND TIME OF LATEST TRANSACTION
control field 20231122152850.0
020 ## - INTERNATIONAL STANDARD BOOK NUMBER
International Standard Book Number 0064408647
020 ## - INTERNATIONAL STANDARD BOOK NUMBER
International Standard Book Number 0060288892 (lib. bdg.)
040 ## - CATALOGING SOURCE
Original cataloging agency DLC
Transcribing agency DLC
Modifying agency DLC
-- FISKH
Language of cataloging eng
050 00 - LIBRARY OF CONGRESS CALL NUMBER
Classification number PZ7.S6795
Item number Er 2001
082 00 - DEWEY DECIMAL CLASSIFICATION NUMBER
Classification number 813.6
Edition number 21
100 1# - MAIN ENTRY--PERSONAL NAME
Personal name Snicket, Lemony.
245 14 - TITLE STATEMENT
Title The ersatz elevator /
Statement of responsibility, etc. by Lemony Snicket ; illustrations by Brett Helquist.
260 ## - PUBLICATION, DISTRIBUTION, ETC.
Place of publication, distribution, etc. New York :
Name of publisher, distributor, etc. HarperCollins Publishers,
Date of publication, distribution, etc. 2001.
300 ## - PHYSICAL DESCRIPTION
Extent 259 pages :
Other physical details illustrations ;
Dimensions 19 cm
490 1# - SERIES STATEMENT
Series statement A series of unfortunate events ;
Volume/sequential designation Book 6
505 ## - FORMATTED CONTENTS NOTE
Formatted contents note z
520 ## - SUMMARY, ETC.
Summary, etc. The woeful saga of the Baudelaire orphans continues as evil Count Olaf discovers their whereabouts at Esmé Squalor's seventy-one bedroom penthouse and concocts a new plan for stealing their family fortune.
521 ## - TARGET AUDIENCE NOTE
Target audience note 1110 <br/>
Source Lexile
521 ## - TARGET AUDIENCE NOTE
Target audience note z <br/>
Source Raz-Plus
650 #1 - SUBJECT ADDED ENTRY--TOPICAL TERM
Topical term or geographic name entry element Orphans
Form subdivision Fiction.
650 #1 - SUBJECT ADDED ENTRY--TOPICAL TERM
Topical term or geographic name entry element Siblings
Form subdivision Fiction.
650 #1 - SUBJECT ADDED ENTRY--TOPICAL TERM
Topical term or geographic name entry element Humorous stories.
700 1# - ADDED ENTRY--PERSONAL NAME
Personal name Helquist, Brett,
Relator term illustrator
906 ## - LOCAL DATA ELEMENT F, LDF (RLIN)
a 7
b cbc
c orignew
d 1
e ocip
f 20
g y-gencatlg
942 ## - ADDED ENTRY ELEMENTS (KOHA)
Source of classification or shelving scheme Dewey Decimal Classification
Koha item type Books
Suppress in OPAC No
999 ## -
-- 500
-- 500
Holdings
Withdrawn status Lost status Source of classification or shelving scheme Damaged status Not for loan Collection Home library Current library Shelving location Date acquired Total Checkouts Full call number Barcode Date last seen Price effective from Koha item type
    Dewey Decimal Classification     Juvenile Fiction Footprints International School Library Network Toul Kork Campus Footprints International School Library Network Toul Kork Campus   05/09/2023   SNI 813.6 PZ7.S6795 FISTK05289 05/09/2023 05/09/2023 Books